Sports Quiz

Random Sports or MLB Quiz
Score 0/56 Timer 10:00
0 Plays Today
Hint Answer % Correct
Game 3 1974 NLCSWillie Stargell
95.5%
Game 4 1974 NLCSWillie Stargell
95.5%
Game 1 1979 NLCSWillie Stargell
95.5%
Game 3 1979 NLCSWillie Stargell
95.5%
Game 1 1979 WSWillie Stargell
95.5%
Game 4 1979 WSWillie Stargell
95.5%
Game 7 1979 WSWillie Stargell
95.5%
Game 6 1971 WSRoberto Clemente
95%
Game 7 1971 WSRoberto Clemente
95%
Game 4 1972 NLCSRoberto Clemente
95%
Game 1 1960 WSBill Mazeroski
93.6%
Game 7 1960 WSBill Mazeroski
93.6%
Game 6 1992 NLCSBarry Bonds
93.2%
Wild Card 2013Russell Martin
82.5%
Wild Card 2013Russell Martin
82.5%
Game 2 2013 NLDSPedro Alvarez
82.5%
Game 4 2013 NLDSPedro Alvarez
82.4%
Game 1 2013 NLDSPedro Alvarez
82.1%
Game 1 1991 NLCSAndy Van Slyke
80.9%
Game 2 2013 NLDSStarling Marte
69.4%
Game 4 1990 NLCSJay Bell
66.4%
Game 3 1991 NLCSJay Bell
66.4%
Game 6 1992 NLCSJay Bell
66.4%
Wild Card 2013Marlon Byrd
60.2%
Game 3 1972 NLCSManny Sanguillen
59.1%
Game 2 1971 NLCSBob Robertson
57.7%
Game 2 1971 NLCSBob Robertson
57.7%
Game 2 1971 NLCSBob Robertson
57.7%
Hint Answer % Correct
Game 3 1971 NLCSBob Robertson
57.7%
Game 3 1971 WSBob Robertson
57.7%
Game 5 1971 WSBob Robertson
57.7%
Game 4 1971 NLCSAl Oliver
55.9%
Game 1 1972 NLCSAl Oliver
55.9%
Game 3 1975 NLCSAl Oliver
55.9%
Game 1 1979 NLCSPhil Garner
54.1%
Game 3 1979 NLCSBill Madlock
54.1%
Game 3 1971 NLCSRichie Hebner
52.3%
Game 4 1971 NLCSRichie Hebner
52.3%
Game 2 1971 WSRichie Hebner
52.3%
Game 3 1974 NLCSRichie Hebner
52.3%
Game 1 1990 NLCSSid Bream
51.4%
Game 1 1925 WSPie Traynor
50.5%
Game 2 1990 NLCSJose Lind
49.1%
Game 1 1992 NLCSJose Lind
49.1%
Game 3 1992 NLCSDon Slaught
48.6%
Game 7 1960 WSHal Smith
46.8%
Game 1 1909 WSFred Clarke
37.7%
Game 5 1909 WSFred Clarke
37.7%
Game 3 1991 NLCSOrlando Merced
37.3%
Game 2 1925 WSKiki Cuyler
32.7%
Game 2 1971 NLCSGene Clines
23.6%
Game 6 1992 NLCSLloyd McClendon
22.7%
Game 7 1960 WSRocky Nelson
20%
Game 2 1925 WSGlenn Wright
8.6%
Game 6 1925 WSEddie Moore
4.1%
Game 1 1903 WSJimmy Sebring
1.8%
Remove Ads.
Support Sporcle.
Get the best of Sporcle when you Go Orange. This ad-free experience offers more features, more stats, and more fun while also helping to support Sporcle. Thank you for becoming a member.

You're not logged in!

Compare scores with friends on all Sporcle quizzes.
OR
Log In

Show Comments

Extras

Top Quizzes Today


Score Distribution

Your Account Isn't Verified!

In order to create a playlist on Sporcle, you need to verify the email address you used during registration. Go to your Sporcle Settings to finish the process.

Report this User

Report this user for behavior that violates our Community Guidelines.

Details: